00529nam a2200193 a 4500001001300000003000900013005001700022008004100039020002300080082001400103100002000117245006300137260003900200300000900239500003500248505001000283650002200293700002000315nice12345678IN_TiNIC20260116014848.0100111s2009 newa grp 000 0 eng  a9380009054 c29000a133bNEW1 aNewton, Michael aHypnotherapy for Spiritual Regressionb Life Between Lives aNew Delhi bReadworthy Pub. c2009 a222p aincludes index and biblioraphy2 aIndex aSpiritual Healing1 aNewton, Michael